00834cam a22002294a 4500999001500000001000600015003000900021005001700030008004100047020001800088040003800106082001800144245009800162260005300260300002900313504005100342650001600393700001700409700002300426942001200449952014300461 c1166d116615374BD-DhUAP20200203141339.0200203s20101987enk b 001 0 eng  a9788175340053 aBD-DhUAPcBD-DhUAPdBD-DhUAPbEng04a340.5 DIC223 aA dictionary of legal quotations /ccompiled and edited by Simon James and Chantal Stebbings. aNew Delhi :bUniversal,cc1987 [Reprinted 2010]. axiv, 209 pages ;c24 cm. aIncludes bibliographical references and index. aLawzIndia. aJames, Simon aStebbings, Chantal 2ddccBK 00102ddc4070aUAPCLbUAPCLcGeneral Stacksd2020-02-03l1o340.5 DICp3010015374q2024-09-11r2024-08-14s2024-08-14t1w2020-02-03yBK